| 000 | 00540nam a22001817a 4500 | ||
|---|---|---|---|
| 003 | 0 | ||
| 005 | 20240807094133.0 | ||
| 008 | 240807b xxu||||| |||| 00| 0 eng d | ||
| 020 | _a978-1-77469-708-5 | ||
| 050 |
_aQA 76.9 _b.B67 2024 |
||
| 100 | _aBorodin, Viktor | ||
| 245 |
_aComputer systems application _cedited by Viktor Borodin |
||
| 260 |
_aCanada _bToronto Academic Press _c2024 |
||
| 300 |
_ax, 256 pages; _c26cm. |
||
| 504 | _aIncludes bibliographical references and index. | ||
| 650 | _acomputer systems. | ||
| 942 |
_2lcc _cBK |
||
| 999 |
_c366047 _d366047 |
||